000 00585 a2200181 4500
010 _aENG-85336
020 _a8123013779
_c60.00
035 _aEN-68869
037 _bD.B.Act / ven
082 1 4 _a780.954
090 _c2086
_d2086
245 1 _aAspects of Indian music
_cedited by Naveen Joshi
260 _aNew Delhi
_bPublication Division
_c2006 (rep)
270 _aSoochna Bhawan, CGO complex, Lodhi Road
_b110 003
300 _a99 p.
_c21 cm (Pbk.)
942 _adpl
_cEN
_k780.954 / ASP
999 _c2049
_d2049